书目信息 |
| 题名: |
统计模式识别
|
|
| 作者: | 韦布 著 | |
| 分册: | ||
| 出版信息: | 北京 电子工业出版社 2004.10 |
|
| 页数: | 385页 | |
| 开本: | 26cm | |
| 丛书名: | 国外计算机科学教材系列 | |
| 单 册: | ||
| 中图分类: | O235 | |
| 科图分类: | ||
| 主题词: | 控制论--数学理论 , 信息论--数学理论 | |
| 电子资源: | ||
| ISBN: | 7-121-00432-1 | |
| 000 | 00663nam0 2200241 45 | |
| 001 | 0734329156 | |
| 005 | 20070629093418.65 | |
| 010 | @a7-121-00432-1@dCNY 45.00 | |
| 100 | @a20070629d2004 km y0chiy0120 ea | |
| 101 | 0 | @achi |
| 102 | @aCN@b110000 | |
| 200 | 1 | @a统计模式识别@Atong ji mo shi shi bie@f(英)韦布著@F(ying)wei bu zhu |
| 205 | @a第2版 | |
| 210 | @a北京@c电子工业出版社@d2004.10 | |
| 215 | @a385页@d26cm | |
| 225 | 2 | @a国外计算机科学教材系列 |
| 410 | 0 | @12001 @a国外计算机科学教材系列 |
| 606 | 0 | @a控制论@x数学理论 |
| 606 | 0 | @a信息论@x数学理论 |
| 690 | @aO235@v4 | |
| 701 | 0 | @a韦布@Awei bu@4著 |
| 801 | 0 | @aCN@c20070629 |
| 905 | @dO235@eW512 | |
| 统计模式识别/(英)韦布著.-第2版.-北京:电子工业出版社,2004.10 |
| 385页;26cm.-(国外计算机科学教材系列) |
| ISBN 7-121-00432-1:CNY 45.00 |
| ● |
| 相关链接 |
|
|
|
正题名:统计模式识别
索取号:O235/W512
 
预约/预借
| 序号 | 登录号 | 条形码 | 馆藏地/架位号 | 状态 | 备注 |
| 1 | 450370 | 204503705 | 自科库401/401自科库 48排7列3层/ [索取号:O235/W512] | 在馆 | |
| 2 | 450371 | 204503714 | 自科库401/401自科库 48排7列3层/ [索取号:O235/W512] | 在馆 |